Представление документа в формате MARC21

Поле Инд. ПП Название Значение
Тип записи a
Библиографический уровень b
001 Контрольный номер RU/IS/BASE/253728979
005 Дата корректировки 20220715140335.0
008 Кодируемые данные 20080115
040 b Код языка каталог. rus
e Правила каталог. PSBO
041 0_ a Код языка текста rus
084 a Индекс другой классификации/Индекс ББК 66.3(4Укр),1; 60.561.31(4Укр)
100 1_ a Автор Бортников В. И.
q Полное имя Бортников Валерий Иванович
245 10 a Заглавие Особенности формирования политического режима в Украине в условиях посткоммунистической трансформации
504 a Библиография Библиогр. ссылки. - Примеч.
650 a Основная рубрика внутренняя политика
a Основная рубрика политика
a Основная рубрика политическая социология
a Основная рубрика социология
653 1_ a Ключевые слова "оранжевая революция"
a Ключевые слова демократизация
a Ключевые слова общественно-политические отношения
a Ключевые слова переходные политические системы
a Ключевые слова политические режимы
a Ключевые слова посткоммунистическая трансформация
a Ключевые слова социальные группы
a Ключевые слова Украина
773 0_ t Заглавие источника Вестник Московского университета. Серия 18, Социология и политология
d Дата издания источника 2007
g Прочая информация № 2. - С. 88 - 102 : табл.
w Контрольный № источника RU/IS/BASE/242834490
901 t Тип документа b